000 02149cam a22005054i 4500
003 PE-LiUPU
005 20250731173030.0
008 150706s2013 idu rb 000 0 eng d
020 _a0816344345
020 _a9780816344345
035 _a(Sirsi) a238322
040 _aPE-LiUPU
_bspa
_cPE-LiUPU
_erda
049 _aPRUA
082 0 4 _a231.7652
_bB81
_220
100 1 _aBrand, Leonard R.,
_eautor.
245 1 0 _aChoose you this day :
_bwhy it matters what you believe about creation /
_cLeonard R. Brand & Richard M. Davidson.
264 1 _aNampa, Idaho :
_bPacific Press Publishing Association,
_c2013.
300 _a126 páginas ;
_c16 centímetros
336 _atext
_2rdacontent
337 _aunmediated
_2rdamedia
338 _avolume
_2rdacarrier
504 _aBibliografía : páginas 125-126.
505 0 _aThe challenge -- Resolving the conflicts -- Science helps us undestand the Bible -- What does the Bible say about origins? -- The Bible contributes scientific insights -- Stage 1 conlicts and the origin of evil -- The rise of theistic evolution -- Science and naturalism -- Conflict of interest -- Bible-based predictions -- Creation and the final conflict -- The scientific turn: biological evolution -- Geological history -- Geological time and scientific thinking.
526 _aSEG42
526 _aSEG41
526 _aSEG40
526 _aSEG39
526 _aP94
526 _aP87
526 _aP86
526 _aP85
526 _aP77
526 _aP76
526 _aP35
650 0 4 _aCreación.
650 0 4 _aBiblia y ciencia.
650 0 4 _aComenzando.
910 _ajck
_bncf
_cncf
_d20170817
942 _2ddc
_cBOOK
949 _a231.7652 B81
_wDEWEY
_c1
_i76812
_lCCODEBUL1
_mBUL
_p5.00
_r0
_sY
_tBOOK
_u2017-08-17
_xTEOLOGIA
_PP35
_o.STAFF. Colección Teología
994 _aC0
_bPEPRU
596 _a1
999 _a231.7652 B81
_wDEWEY
_c25012
_i76812
_d25012
_f2021-11-9
_g4
_lCCODEBUL1
_mBUL
_p5.00
_q4
_r0
_sY
_tBOOK
_u2017-8-17
_xTEOLOGIA
_PP35
_0COMPRA
_o.STAFF. Colección Teología
980 _81
_gALBERTO SANCHEZ Responsable de Automatización